ALLE Bundesligisten mit 'K' - Statistiken

Allgemein
  • Dieses Quiz wurde 82 mal gespielt
    65 seit der letzten Aktualisierung
  • Das Durchschnittsergebnis liegt bei 3 aus 6
Antwortstatistiken
(Ex) Bundesligist % Korrekt
1. FC Kaiserslautern
88%
1. FC Köln
82%
Holstein Kiel
46%
Karlsruher SC
42%
SC Fortuna Köln
40%
KFC Uerdingen 05
10%
Keine übereinstimmenden Quizze gefunden
Verteilung der Resultate
Anzahl Personen mit jedem Resultat
Perzentil nach korrekt beantworteten Fragen
Ihre Resultats-Entwicklung
Sie haben dieses Quiz seit der letzten Aktualisierung nicht gespielt